Anteproyecto de creación del departamento de información y documentación
Bewaard in:
| Coauteur: | |
|---|---|
| Formaat: | Texto |
| Gepubliceerd in: |
San José:
DINADECO
|
| Onderwerpen: | |
| Tags: |
Voeg label toe
Geen labels, Wees de eerste die dit record labelt!
|
MARC
| LEADER | 00000 a a2200000 04500 | ||
|---|---|---|---|
| 001 | 15610 | ||
| 003 | |||
| 040 | |||
| 090 | |a 015600 | ||
| 110 | |a Costa Rica. Ministerio de Gobernación. Dirección Nacional de Desarrollo de la Comunidad | ||
| 245 | |a Anteproyecto de creación del departamento de información y documentación | ||
| 260 | |a San José: |b DINADECO | ||
| 300 | |a 12 p. | ||
| 650 | |a SERVICIOS DE INFORMACION | ||
| 999 | |c 11746 |d 11746 | ||
